[Event "FIDE Grand Swiss Tournament 2019"]
[Site "Douglas ENG"]
[Date "2019.10.13"]
[Round "4"]
[White "Bu, Xiangzhi"]
[Black "Papaioannou, Ioannis"]
[Result "1/2-1/2"]
[WhiteElo "2721"]
[BlackElo "2645"]
[PlyCount "55"]
[EventDate "2019.10.10"]

1. c4 e5 2. Nc3 Bb4 3. g3 Bxc3 4. dxc3 d6 5. Bg2 Nc6 6. Nf3 Nge7 7. O-O Be6 8.
b3 h6 9. e4 Qd7 10. Re1 Bh3 11. Bh1 Bg4 12. Qd3 f5 13. exf5 Bxf5 14. Qe2 Bg4
15. Qd3 O-O 16. Nd2 Rf7 17. f3 Bf5 18. Qe2 Raf8 19. Ne4 Kh8 20. Bd2 Ng8 21. Rf1
Nf6 22. Nf2 Bg6 23. Rae1 Bh5 24. Bg2 Qd8 25. Kh1 Qd7 26. Kg1 Qd8 27. Kh1 Qd7
28. Kg1 1/2-1/2

[Event "FIDE Grand Swiss Tournament 2019"]
[Site "Douglas ENG"]
[Date "2019.10.13"]
[Round "4"]
[White "Matlakov, Maxim"]
[Black "Lupulescu, Constantin"]
[Result "1/2-1/2"]
[WhiteElo "2716"]
[BlackElo "2643"]
[PlyCount "203"]
[EventDate "2019.10.10"]

1. c4 e6 2. g3 d5 3. Bg2 d4 4. Nf3 c5 5. e3 Nc6 6. exd4 cxd4 7. O-O Nf6 8. d3
Bd6 9. Bg5 h6 10. Bxf6 Qxf6 11. Nbd2 Qe7 12. a3 a5 13. Ne4 Bc7 14. b4 axb4 15.
axb4 Rxa1 16. Qxa1 Qxb4 17. Rb1 Qe7 18. Nxd4 Nxd4 19. Qxd4 O-O 20. c5 Rd8 21.
Qc3 Qd7 22. Rb3 Qa4 23. h4 Be5 24. Qxe5 Qxb3 25. Qc7 Rf8 26. Nd6 b6 27. Nxc8
bxc5 28. Bf1 Qc3 29. Nb6 Qd4 30. Nd7 Ra8 31. Qc6 Qa4 32. Qxa4 Rxa4 33. Nxc5 Ra5
34. Nb3 Ra3 35. Nd2 h5 36. Kg2 g6 37. Kf3 Kg7 38. Ke3 Ra1 39. d4 Ra3+ 40. Bd3
Kf8 41. Nc4 Ra4 42. Ne5 Ra3 43. Kd2 Ra2+ 44. Bc2 Kg7 45. Kc3 Ra8 46. Bb3 Rd8
47. d5 exd5 48. Kd4 Re8 49. Bxd5 f6 50. Nd3 Re2 51. Bf3 Ra2 52. Be4 Ra4+ 53.
Ke3 Ra3 54. Ke2 Ra2+ 55. Ke3 Ra3 56. Bd5 Ra5 57. Nf4 Ra3+ 58. Kd2 f5 59. Bc6
Kf7 60. Nd3 Kf6 61. Ke3 Ra6 62. Nb4 Ra5 63. Kd4 Ra1 64. Nd5+ Kf7 65. Bb5 Ra2
66. Ke3 Ra5 67. Bc4 Kg7 68. Kd4 Ra1 69. Ke5 Ra4 70. Ne3 Rb4 71. Kf4 Kh6 72. Kf3
Kg7 73. Kf4 Kh6 74. Ke5 Kg7 75. Bd3 Rb2 76. Bc2 Rb5+ 77. Kd4 Rb4+ 78. Kc3 Rb8
79. Nd5 Re8 80. Nf4 Rc8+ 81. Kd2 Rd8+ 82. Nd3 Kf6 83. f4 Ra8 84. Bb3 Ra3 85.
Bc4 Ra4 86. Ne5 Ra3 87. Bd3 Ra2+ 88. Ke3 Ra3 89. Kf2 Ra2+ 90. Kf3 Ra3 91. Kg2
Ra2+ 92. Kh3 Ra5 93. Bc4 Ra7 94. Bb5 Ra8 95. Bc6 Rd8 96. Kg2 Kg7 97. Kf3 Kf6
98. Ke3 Kg7 99. Bb5 Ra8 100. Kd4 Kf6 101. Bc6 Ra3 102. Nd3 1/2-1/2

[Event "FIDE Grand Swiss Tournament 2019"]
[Site "Douglas ENG"]
[Date "2019.10.13"]
[Round "4"]
[White "Amin, Bassem"]
[Black "Bluebaum, Matthias"]
[Result "0-1"]
[WhiteElo "2699"]
[BlackElo "2643"]
[PlyCount "136"]
[EventDate "2019.10.10"]

1. g3 d5 2. Bg2 e5 3. d3 Nf6 4. Nf3 Bd6 5. O-O O-O 6. Nc3 c6 7. e4 dxe4 8. dxe4
Na6 9. h3 Nc5 10. Nh4 b5 11. Nf5 Bxf5 12. exf5 e4 13. Be3 Qe7 14. Qe2 Rfe8 15.
Rfe1 b4 16. Bxc5 bxc3 17. Bxd6 Qxd6 18. b3 Rad8 19. Qe3 Qd4 20. Re2 c5 21. Rae1
h6 22. Qxd4 Rxd4 23. Re3 Re5 24. g4 Nd5 25. Rxe4 Rexe4 26. Bxe4 Nf4 27. Kh2 Rd2
28. Re3 Ne2 29. h4 f6 30. Kg2 Kf8 31. Kf3 Nd4+ 32. Kg2 Ne2 33. Kf3 Nd4+ 34. Kg3
Ne2+ 35. Kg2 Kf7 36. Bf3 Nd4 37. Rxc3 Rxc2 38. Bd5+ Ke7 39. Rxc2 Nxc2 40. Bc4
Kd6 41. Kg3 Ke5 42. Kf3 a5 43. Bf7 Kd4 44. g5 hxg5 45. hxg5 Nb4 46. Kg4 Nd3 47.
Kh5 Nxf2 48. Kg6 Ke5 49. Kxg7 fxg5 50. Kg6 g4 51. Bc4 g3 52. Bf1 Ng4 53. Bh3
Ne3 54. f6 g2 55. Bxg2 Nxg2 56. Kf7 Nf4 57. Ke7 Nd5+ 58. Kd7 Nxf6+ 59. Kc6 Ne4
60. Kb5 Kd5 61. Kxa5 Nc3 62. a4 Kc6 63. b4 c4 64. b5+ Kc5 65. b6 Nd5 66. b7 Ne7
67. b8=N c3 68. Na6+ Kd6 0-1

[Event "FIDE Grand Swiss Tournament 2019"]
[Site "Douglas ENG"]
[Date "2019.10.13"]
[Round "4"]
[White "Tari, Aryan"]
[Black "So, Wesley"]
[Result "1/2-1/2"]
[WhiteElo "2630"]
[BlackElo "2767"]
[PlyCount "79"]
[EventDate "2019.10.10"]

1. e4 e5 2. Nf3 Nc6 3. Bb5 Nf6 4. O-O Nxe4 5. Re1 Nd6 6. Nxe5 Be7 7. Bf1 Nf5 8.
Nf3 d5 9. d4 O-O 10. c3 Re8 11. Bd3 Bd6 12. Rxe8+ Qxe8 13. Nbd2 Nce7 14. Qc2 g6
15. Nf1 f6 16. Bd2 Be6 17. Re1 Qd7 18. Ng3 Re8 19. b3 Ng7 20. c4 Bxg3 21. hxg3
Bf5 22. Bxf5 Qxf5 23. Qxf5 Nexf5 24. Rc1 Ne7 25. Ba5 Ne6 26. Bb4 Nc6 27. cxd5
Nxb4 28. dxe6 c6 29. Re1 Kf8 30. g4 g5 31. Nd2 Nc2 32. Re4 Ke7 33. Nc4 Rd8 34.
Na5 Rxd4 35. Rxd4 Nxd4 36. Nxb7 Kxe6 37. Kf1 Ke5 38. Nc5 Kd5 39. Nd7 Ke6 40.
Nc5+ 1/2-1/2

[Event "FIDE Grand Swiss Tournament 2019"]
[Site "Douglas ENG"]
[Date "2019.10.13"]
[Round "4"]
[White "Anand, Viswanathan"]
[Black "Parligras, Mircea-Emilian"]
[Result "1/2-1/2"]
[WhiteElo "2765"]
[BlackElo "2629"]
[PlyCount "61"]
[EventDate "2019.10.10"]

1. d4 Nf6 2. c4 e6 3. Nf3 d5 4. g3 Bb4+ 5. Bd2 Bd6 6. Bg2 c6 7. Qc2 Nbd7 8. O-O
O-O 9. Rd1 Ne4 10. Be3 Qe7 11. Ne1 Nef6 12. b3 b6 13. Nd3 Bb7 14. Nc3 Rac8 15.
a4 a5 16. Rac1 Rfd8 17. Bf4 Bxf4 18. Nxf4 Ba6 19. cxd5 cxd5 20. Qb2 Nb8 21. e3
Nc6 22. Nd3 Nb4 23. Nxb4 Qxb4 24. Na2 Qd6 25. Rxc8 Rxc8 26. Rc1 Rc6 27. Rxc6
Qxc6 28. Nc3 h6 29. Bf1 Bxf1 30. Kxf1 Ne8 31. Nb5 1/2-1/2

[Event "FIDE Grand Swiss Tournament 2019"]
[Site "Douglas ENG"]
[Date "2019.10.13"]
[Round "4"]
[White "Volokitin, Andrei"]
[Black "Le, Quang Liem"]
[Result "1/2-1/2"]
[WhiteElo "2627"]
[BlackElo "2708"]
[PlyCount "63"]
[EventDate "2019.10.10"]

1. e4 c6 2. d4 d5 3. e5 Bf5 4. Nd2 e6 5. Nb3 c5 6. dxc5 Bxc5 7. Nxc5 Qa5+ 8. c3
Qxc5 9. Be3 Qc7 10. f4 Ne7 11. Be2 O-O 12. Nf3 Nbc6 13. O-O Rfd8 14. Rc1 Rac8
15. Bf2 Be4 16. Nd2 Bg6 17. Nb3 Na5 18. Nd4 a6 19. b3 Be4 20. Qd2 h6 21. g4
Nac6 22. Bh4 Qb6 23. Bf2 Nxd4 24. cxd4 Rxc1 25. Rxc1 Rc8 26. Rxc8+ Nxc8 27. Qc3
Ne7 28. b4 Qc6 29. Qxc6 Nxc6 30. a3 Na7 31. Bh4 Nb5 32. Bxb5 1/2-1/2

[Event "FIDE Grand Swiss Tournament 2019"]
[Site "Douglas ENG"]
[Date "2019.10.13"]
[Round "4"]
[White "Xiong, Jeffery"]
[Black "Akobian, Varuzhan"]
[Result "1/2-1/2"]
[WhiteElo "2708"]
[BlackElo "2625"]
[PlyCount "83"]
[EventDate "2019.10.10"]

1. d4 d5 2. c4 e6 3. Nf3 Nf6 4. g3 Bb4+ 5. Bd2 Be7 6. Bg2 O-O 7. O-O Nbd7 8.
Qc2 Ne4 9. Bf4 c6 10. h4 Ndf6 11. Nc3 Nxc3 12. bxc3 b6 13. Ne5 Bb7 14. a4 Nd7
15. Nd3 Qc8 16. cxd5 cxd5 17. Rfc1 h6 18. c4 dxc4 19. Qxc4 Bxg2 20. Kxg2 Nf6
21. Ne5 Nd5 22. Bd2 Bd6 23. e4 Nf6 24. f3 Bxe5 25. dxe5 Nd7 26. Qb5 Qb7 27. a5
a6 28. Qb2 b5 29. Bb4 Rfc8 30. Qd4 Rxc1 31. Rxc1 Rc8 32. Rd1 Rc7 33. Qd6 Kh7
34. Kh3 Qc8 35. h5 Nb8 36. Qb6 Nd7 37. Qd6 Qb7 38. Rd2 Nb8 39. Qb6 Qc8 40. Rd1
Rd7 41. Rd6 Rc7 42. Rd1 1/2-1/2

[Event "FIDE Grand Swiss Tournament 2019"]
[Site "Douglas ENG"]
[Date "2019.10.14"]
[Round "5"]
[White "McShane, Luke J"]
[Black "Caruana, Fabiano"]
[Result "1/2-1/2"]
[WhiteElo "2682"]
[BlackElo "2812"]
[PlyCount "169"]
[EventDate "2019.10.10"]

1. e4 e5 2. Nf3 Nc6 3. Nc3 Nf6 4. Bb5 Bd6 5. d3 O-O 6. O-O h6 7. Kh1 Re8 8.
Bxc6 bxc6 9. Ng1 Bf8 10. f4 exf4 11. Bxf4 d5 12. e5 Bg4 13. Qd2 Nh5 14. Rae1
Rb8 15. h3 Nxf4 16. Qxf4 Bh5 17. Nd1 Rb4 18. Qf2 c5 19. b3 Rb6 20. Nf3 Rbe6 21.
Ne3 Qd7 22. g4 Bg6 23. Ng2 c4 24. Nf4 cxd3 25. cxd3 Bb4 26. Rd1 R6e7 27. Qxa7
Bh7 28. Qd4 c5 29. Qxd5 Qa7 30. Qc4 Qxa2 31. g5 hxg5 32. Nxg5 Qa8+ 33. Kg1 Qc6
34. d4 Bf5 35. Nd5 Rd7 36. Ne3 Bg6 37. d5 Qc7 38. Ng4 Qd8 39. e6 fxe6 40. Nxe6
Qb8 41. d6 Rxd6 42. Nc7+ Rde6 43. Rd7 Kh8 44. Qf4 Qb6 45. Nxe6 Qxe6 46. Rd6 Qe4
47. Qg5 Kh7 48. Qh4+ Kg8 49. Qg3 Kh7 50. Nf2 Qc2 51. Nd3 Be4 52. Qg5 Qe2 53.
Nxb4 cxb4 54. Rd2 Qa6 55. Qh5+ Qh6 56. Qxh6+ Kxh6 57. Re1 Re5 58. Kh2 Rd5 59.
Rxd5 Bxd5 60. Re3 g5 61. Kg3 Kg6 62. Kf2 Kf5 63. Rg3 Be6 64. Ke2 Bd5 65. Kd2
Be6 66. Rf3+ Ke5 67. Re3+ Kf6 68. Kc2 Bf5+ 69. Kc1 Be6 70. Kd2 Bd5 71. Kc2 Be6
72. Kb2 Bf5 73. Rg3 Be6 74. Rd3 Ke5 75. Re3+ Kf6 76. Re4 Bxh3 77. Rxb4 g4 78.
Re4 g3 79. Kc3 Kf5 80. Re1 Kf4 81. b4 Kf3 82. b5 Kf2 83. Kd2 g2 84. b6 Bc8 85.
Re2+ 1/2-1/2

[Event "FIDE Grand Swiss Tournament 2019"]
[Site "Douglas ENG"]
[Date "2019.10.14"]
[Round "5"]
[White "Wang, Hao"]
[Black "Maghsoodloo, Parham"]
[Result "1/2-1/2"]
[WhiteElo "2726"]
[BlackElo "2664"]
[PlyCount "98"]
[EventDate "2019.10.10"]

1. d4 Nf6 2. c4 e6 3. g3 d5 4. Nf3 Be7 5. Bg2 O-O 6. O-O Nbd7 7. Qc2 c6 8. b3
b6 9. Rd1 Bb7 10. Nc3 Ba6 11. Bb2 Qc7 12. e4 dxc4 13. bxc4 Bxc4 14. Nd2 Ba6 15.
e5 Ne8 16. Rac1 Rc8 17. Be4 g6 18. Qa4 Qb7 19. Bg2 Nb8 20. Nce4 Be2 21. Re1 Qa6
22. Qb3 Qb5 23. Qc3 Qd3 24. Rxe2 Qxe2 25. Nc4 Qh5 26. Ba3 Bxa3 27. Qxa3 f5 28.
Qe7 Rc7 29. Qxe6+ Kh8 30. Ned2 Qg5 31. Ne3 f4 32. Ne4 Qd8 33. gxf4 Rxf4 34. Rd1
Ng7 35. Qb3 Nd7 36. e6 Nf6 37. Nxf6 Rxf6 38. d5 cxd5 39. Nxd5 Rxe6 40. Nxc7
Qxc7 41. Qg3 Qe7 42. Qb8+ Ne8 43. Kf1 Qa3 44. Qc8 Qxa2 45. Bf3 Kg7 46. Rd7+ Kf8
47. Rxh7 Qa1+ 48. Kg2 Re7 49. Bc6 Rxh7 1/2-1/2

[Event "FIDE Grand Swiss Tournament 2019"]
[Site "Douglas ENG"]
[Date "2019.10.14"]
[Round "5"]
[White "Anton Guijarro, David"]
[Black "Karjakin, Sergey"]
[Result "1/2-1/2"]
[WhiteElo "2674"]
[BlackElo "2760"]
[PlyCount "75"]
[EventDate "2019.10.10"]

1. c4 Nf6 2. Nf3 e6 3. g3 d5 4. Bg2 dxc4 5. Qa4+ Bd7 6. Qxc4 c5 7. Ne5 Qc8 8.
Qd3 Nc6 9. Nxd7 Nxd7 10. b3 Be7 11. Bb2 O-O 12. Nc3 Rd8 13. O-O Nf6 14. Qc2 Nb4
15. Qc1 Qd7 16. Rd1 Rac8 17. d3 b6 18. Qd2 Nbd5 19. Ne4 h6 20. e3 Qb5 21. Bf1
Qe8 22. Qe2 Rd7 23. a3 Rdd8 24. Nd2 Nd7 25. e4 Bf6 26. e5 Be7 27. Nf3 b5 28. a4
b4 29. Qe4 Nc3 30. Bxc3 bxc3 31. Rac1 Rb8 32. Rxc3 Rb4 33. d4 Nb6 34. Bb5 Qf8
35. Bc4 Nxc4 36. Rxc4 Rxb3 37. Rdc1 Rd5 38. Kg2 1/2-1/2

[Event "FIDE Grand Swiss Tournament 2019"]
[Site "Douglas ENG"]
[Date "2019.10.14"]
[Round "5"]
[White "Grischuk, Alexander"]
[Black "Cheparinov, Ivan"]
[Result "1-0"]
[WhiteElo "2759"]
[BlackElo "2670"]
[PlyCount "83"]
[EventDate "2019.10.10"]

1. Nf3 c5 2. e4 d6 3. c3 Nf6 4. g3 g6 5. Bg2 Bg7 6. O-O O-O 7. Re1 Nc6 8. d3 e5
9. a4 h6 10. Na3 d5 11. exd5 Nxd5 12. Nc4 Re8 13. a5 Rb8 14. Qa4 Bf5 15. Nfd2
Bxd3 16. Ne4 Bxe4 17. Bxe4 Re7 18. Ne3 Nf6 19. Bxc6 bxc6 20. Qxc6 Rc8 21. Qa4
e4 22. Rd1 Rd7 23. Rxd7 Qxd7 24. Qxd7 Nxd7 25. Nc4 Ne5 26. Nxe5 Bxe5 27. a6 Rb8
28. Ra2 Rb3 29. Bxh6 Bd6 30. h4 f6 31. Be3 Kf7 32. Ra5 Rxb2 33. Bxc5 Bxc5 34.
Rxc5 Ra2 35. Rc6 Ra3 36. g4 f5 37. g5 f4 38. Rf6+ Kg7 39. Rxf4 e3 40. fxe3 Rxa6
41. Kf2 Rc6 42. Ra4 1-0

[Event "FIDE Grand Swiss Tournament 2019"]
[Site "Douglas ENG"]
[Date "2019.10.14"]
[Round "5"]
[White "Kryvoruchko, Yuriy"]
[Black "Aronian, Levon"]
[Result "1/2-1/2"]
[WhiteElo "2669"]
[BlackElo "2758"]
[PlyCount "77"]
[EventDate "2019.10.10"]

1. e4 e5 2. Nf3 Nc6 3. Bb5 a6 4. Ba4 Nf6 5. O-O Be7 6. Re1 b5 7. Bb3 O-O 8. c3
d5 9. exd5 Nxd5 10. Nxe5 Nxe5 11. Rxe5 c6 12. d3 Bd6 13. Re1 Bf5 14. Qf3 Qh4
15. g3 Qh3 16. Be3 Bxd3 17. Nd2 Qf5 18. Bd4 Rfe8 19. a4 h6 20. a5 Kf8 21. Qxf5
Bxf5 22. Bxd5 cxd5 23. b4 f6 24. f3 Kf7 25. Kf2 h5 26. Nb3 Bc2 27. Nc5 Bxc5 28.
Bxc5 g5 29. h4 gxh4 30. gxh4 Rxe1 31. Rxe1 Re8 32. Rxe8 Kxe8 33. Ke3 Kd7 34.
Kd4 Bd1 35. f4 Kc6 36. Be7 f5 37. Ke5 Bg4 38. Bc5 Kb7 39. Kxd5 1/2-1/2

[Event "FIDE Grand Swiss Tournament 2019"]
[Site "Douglas ENG"]
[Date "2019.10.14"]
[Round "5"]
[White "Fedoseev, Vladimir3"]
[Black "Wojtaszek, Radoslaw"]
[Result "1-0"]
[WhiteElo "2664"]
[BlackElo "2748"]
[PlyCount "93"]
[EventDate "2019.10.10"]

1. d4 Nf6 2. c4 e6 3. Nc3 Bb4 4. f3 c5 5. d5 b5 6. e4 d6 7. Bd2 Bxc3 8. Bxc3 b4
9. Bd2 O-O 10. Be3 exd5 11. cxd5 a5 12. a3 bxa3 13. Rxa3 Nbd7 14. Ne2 Rb8 15.
Bd2 Rxb2 16. Bxa5 Qe7 17. Bc3 Rb7 18. Ng3 Ne5 19. Be2 h5 20. h4 Bd7 21. Kf2
Rfb8 22. Qd2 Rb3 23. Rha1 Nh7 24. Rxb3 Rxb3 25. Qc2 c4 26. Bxc4 Rb8 27. Be2 Rc8
28. Qb2 Qf6 29. Bxe5 dxe5 30. Rh1 Nf8 31. Nxh5 Qh6 32. g4 Ng6 33. Ra1 Nf4 34.
Ra6 f6 35. Ra7 Nh3+ 36. Kg2 Qe3 37. Ra1 Nf4+ 38. Nxf4 exf4 39. Ra3 Qc5 40. Rb3
Kh7 41. Bd3 Ba4 42. e5+ Kh6 43. Rb8 Bd1 44. Rxc8 Bxf3+ 45. Kxf3 Qe3+ 46. Kg2
Qg3+ 47. Kf1 1-0

[Event "FIDE Grand Swiss Tournament 2019"]
[Site "Douglas ENG"]
[Date "2019.10.14"]
[Round "5"]
[White "Vitiugov, Nikita"]
[Black "Lenderman, Aleksandr"]
[Result "1/2-1/2"]
[WhiteElo "2732"]
[BlackElo "2648"]
[PlyCount "85"]
[EventDate "2019.10.10"]

1. e4 c6 2. d4 d5 3. exd5 cxd5 4. Bd3 Nc6 5. c3 Qc7 6. h3 g6 7. Qc2 f6 8. f4
Nh6 9. Nf3 Bf5 10. O-O O-O-O 11. Re1 e6 12. Na3 Bxa3 13. bxa3 Rhe8 14. Rb1 Bxd3
15. Qxd3 Nf5 16. a4 Nd6 17. Nd2 Na5 18. Ba3 Ndc4 19. Bb4 Qxf4 20. Bxa5 Qxd2 21.
Qxd2 Nxd2 22. Rbd1 b6 23. Bxb6 axb6 24. Rxd2 Kc7 25. Rb1 Rd6 26. Rb4 Rc6 27.
Rdb2 Ra8 28. R2b3 Kb7 29. Kf2 Ka6 30. Ke2 Rac8 31. Kd2 R8c7 32. Rb5 Rg7 33. a5
bxa5 34. Rb8 Ra7 35. a4 Rac7 36. Ra8+ Ra7 37. Rf8 f5 38. Ke3 g5 39. Re8 Rb7 40.
Ra8+ Ra7 41. Re8 Rb7 42. Ra8+ Ra7 43. Re8 1/2-1/2

[Event "FIDE Grand Swiss Tournament 2019"]
[Site "Douglas ENG"]
[Date "2019.10.14"]
[Round "5"]
[White "Carlsen, Magnus"]
[Black "Ganguly, Surya Shekhar"]
[Result "1-0"]
[WhiteElo "2876"]
[BlackElo "2658"]
[PlyCount "81"]
[EventDate "2019.10.10"]

1. e4 c5 2. Nf3 d6 3. d4 cxd4 4. Nxd4 Nf6 5. Nc3 a6 6. h3 e5 7. Nb3 Be7 8. g4
h6 9. Be3 Nbd7 10. a4 b6 11. f3 Qc7 12. h4 Nf8 13. Rg1 Be6 14. g5 hxg5 15. hxg5
N6d7 16. Nd5 Qc6 17. Qd2 Ng6 18. a5 b5 19. O-O-O Rc8 20. Kb1 Nc5 21. Be2 Bd8
22. Nxc5 dxc5 23. f4 exf4 24. Bxf4 Be7 25. Nxe7 Kxe7 26. Bd6+ Ke8 27. Qc3 Rh7
28. Bg3 b4 29. Qd3 c4 30. Qd6 Qxe4 31. Rd4 Qb7 32. Qb6 Qa8 33. Rgd1 Rh1 34. Be1
Ne5 35. Bxb4 Rxd1+ 36. Rxd1 Qc6 37. Qe3 Qb5 38. Bc3 Rc5 39. b4 Nd3 40. cxd3 Rd5
41. dxc4 1-0

[Event "FIDE Grand Swiss Tournament 2019"]
[Site "Douglas ENG"]
[Date "2019.10.14"]
[Round "5"]
[White "Yu, Yangyi"]
[Black "Kovalev, Vladislav"]
[Result "1/2-1/2"]
[WhiteElo "2763"]
[BlackElo "2661"]
[PlyCount "89"]
[EventDate "2019.10.10"]

1. e4 c5 2. Nf3 Nf6 3. Nc3 d5 4. exd5 Nxd5 5. Bb5+ Bd7 6. Ne5 Nf6 7. Qf3 Qc8 8.
Nxd7 Nbxd7 9. b3 a6 10. Bxd7+ Qxd7 11. Bb2 Qe6+ 12. Ne2 Qe4 13. Qxe4 Nxe4 14.
Ng3 Nf6 15. O-O-O e6 16. f4 h5 17. Bxf6 gxf6 18. f5 Rd8 19. Rhf1 Be7 20. Rde1
Kd7 21. h4 e5 22. Ne4 Rhg8 23. g3 b5 24. c4 Kc6 25. Rf3 Rd4 26. d3 Rb8 27. Kc2
Rd7 28. Nc3 bxc4 29. dxc4 Rd4 30. Re4 Rbd8 31. Rxd4 cxd4 32. Ne4 Rb8 33. Rf1 a5
34. Rb1 Rg8 35. Rg1 Rg4 36. Kd3 Rg8 37. Ke2 Rd8 38. Kf3 a4 39. Rb1 axb3 40.
axb3 Ra8 41. b4 Ra3+ 42. Kf2 Ra2+ 43. Kf3 Ra3+ 44. Kf2 Ra2+ 45. Kf3 1/2-1/2

[Event "FIDE Grand Swiss Tournament 2019"]
[Site "Douglas ENG"]
[Date "2019.10.14"]
[Round "5"]
[White "Harikrishna, Pentala"]
[Black "Sarana, Alexey"]
[Result "1/2-1/2"]
[WhiteElo "2748"]
[BlackElo "2655"]
[PlyCount "68"]
[EventDate "2019.10.10"]

1. d4 Nf6 2. c4 e6 3. g3 d5 4. Bg2 Bb4+ 5. Bd2 Be7 6. Nf3 c6 7. Qc2 O-O 8. O-O
b6 9. Rd1 Nbd7 10. b3 a5 11. Bc3 Bb7 12. Nbd2 Qc7 13. e4 Nxe4 14. Nxe4 dxe4 15.
Qxe4 c5 16. d5 Bf6 17. Bxf6 Nxf6 18. Qe5 Qxe5 19. Nxe5 exd5 20. cxd5 Rad8 21.
Rd2 Rfe8 22. f4 Nd7 23. Nc6 Ra8 24. g4 a4 25. Rb1 axb3 26. Rxb3 Ra4 27. Ne5
Rxf4 28. Nxd7 Re1+ 29. Bf1 Rfxf1+ 30. Kg2 Rg1+ 31. Kf2 Ref1+ 32. Ke3 Re1+ 33.
Kf2 Rgf1+ 34. Kg2 Rg1+ 1/2-1/2

[Event "FIDE Grand Swiss Tournament 2019"]
[Site "Douglas ENG"]
[Date "2019.10.14"]
[Round "5"]
[White "Artemiev, Vladislav"]
[Black "Kasimdzhanov, Rustam"]
[Result "1/2-1/2"]
[WhiteElo "2746"]
[BlackElo "2657"]
[PlyCount "75"]
[EventDate "2019.10.10"]

1. Nf3 d5 2. b3 Bg4 3. e3 e5 4. h3 Bxf3 5. Qxf3 e4 6. Qg3 Nd7 7. Nc3 c6 8. Bb2
Nc5 9. Ne2 Nf6 10. Nf4 Rg8 11. h4 Bd6 12. Qg5 Be7 13. Qg3 Bd6 14. Be2 Qe7 15.
Qg5 O-O-O 16. O-O-O Ncd7 17. Kb1 h6 18. Qf5 g6 19. Qh3 Be5 20. Bxe5 Qxe5 21.
Bg4 Nxg4 22. Qxg4 f5 23. Qh3 g5 24. Ne2 f4 25. hxg5 hxg5 26. Qg4 Kb8 27. Rh6
Nf6 28. Qh3 Rdf8 29. exf4 gxf4 30. Rh4 f3 31. gxf3 exf3 32. Qxf3 Ne4 33. Qe3
Rg2 34. Nc3 Nxc3+ 35. dxc3 Qf6 36. Rh7 Qxf2 37. Qxf2 Rgxf2 38. Re1 1/2-1/2

[Event "FIDE Grand Swiss Tournament 2019"]
[Site "Douglas ENG"]
[Date "2019.10.14"]
[Round "5"]
[White "Papaioannou, Ioannis"]
[Black "Nakamura, Hikaru"]
[Result "1/2-1/2"]
[WhiteElo "2645"]
[BlackElo "2745"]
[PlyCount "34"]
[EventDate "2019.10.10"]

1. d4 Nf6 2. Nf3 d5 3. c4 e6 4. g3 dxc4 5. Bg2 a6 6. O-O Nc6 7. Qc2 Nxd4 8.
Nxd4 Qxd4 9. Nd2 c3 10. bxc3 Qc5 11. Rb1 Bd6 12. Ne4 Nxe4 13. Bxe4 Qh5 14. Bf3
Qg6 15. Be4 Qh5 16. Bf3 Qg6 17. Be4 Qh5 1/2-1/2

[Event "FIDE Grand Swiss Tournament 2019"]
[Site "Douglas ENG"]
[Date "2019.10.14"]
[Round "5"]
[White "Mamedov, Rauf"]
[Black "Svidler, Peter"]
[Result "1/2-1/2"]
[WhiteElo "2645"]
[BlackElo "2729"]
[PlyCount "60"]
[EventDate "2019.10.10"]

1. e4 c5 2. c3 Nf6 3. e5 Nd5 4. Nf3 Nc6 5. Bc4 e6 6. d4 cxd4 7. cxd4 d6 8. O-O
Be7 9. Qe2 O-O 10. Rd1 Bd7 11. Bd2 Ndb4 12. exd6 Bxd6 13. Nc3 Ne7 14. Bg5 h6
15. Bh4 Qe8 16. Bxe7 Qxe7 17. a3 Nc6 18. d5 exd5 19. Qxe7 Bxe7 20. Nxd5 Rfd8
21. Nxe7+ Nxe7 22. Ne5 Be8 23. f3 Kf8 24. Kf2 Nc6 25. Nxc6 Bxc6 26. Ke3 Re8+
27. Kf2 Red8 28. Ke3 Re8+ 29. Kf2 Red8 30. Ke3 Ke7 1/2-1/2

[Event "FIDE Grand Swiss Tournament 2019"]
[Site "Douglas ENG"]
[Date "2019.10.14"]
[Round "5"]
[White "Lupulescu, Constantin"]
[Black "Bu, Xiangzhi"]
[Result "1/2-1/2"]
[WhiteElo "2643"]
[BlackElo "2721"]
[PlyCount "133"]
[EventDate "2019.10.10"]

1. d4 d5 2. c4 c6 3. Nf3 Nf6 4. e3 Bf5 5. Nc3 e6 6. Nh4 Be4 7. f3 Bg6 8. Bd2
Be7 9. Nxg6 hxg6 10. Qc2 Nbd7 11. O-O-O Qc7 12. h4 dxc4 13. Bxc4 b5 14. Bd3 a6
15. Ne4 Nxe4 16. Bxe4 Rc8 17. Kb1 Nf6 18. Rc1 Nxe4 19. Qxe4 Qd7 20. Be1 f5 21.
Qc2 c5 22. Bb4 c4 23. Bxe7 Qxe7 24. Qf2 Kf7 25. g4 b4 26. h5 gxh5 27. gxh5 c3
28. Qg3 Rh6 29. Qe5 Kg8 30. Rh2 Kh7 31. Rg2 Qc7 32. Qxc7 Rxc7 33. Rg5 g6 34.
Rxg6 Rxg6 35. hxg6+ Kxg6 36. bxc3 bxc3 37. Kc2 f4 38. e4 Rc4 39. Rd1 Kf7 40. d5
Ra4 41. Kb3 c2 42. Rc1 Rd4 43. Kc3 Ra4 44. Kb3 Rd4 45. dxe6+ Kxe6 46. Kxc2 Rc4+
47. Kb2 Rb4+ 48. Kc3 a5 49. Kd3 Ra4 50. Rc2 Ra3+ 51. Ke2 a4 52. Kf2 Rd3 53. Kg2
a3 54. Rc5 Re3 55. Rf5 Re2+ 56. Kh3 Rxa2 57. Kg4 Ra1 58. Kxf4 a2 59. Ra5 Kf7
60. Ra7+ Kf6 61. Ra6+ Kf7 62. e5 Ke7 63. Kf5 Rf1 64. Ra7+ Kf8 65. Rxa2 Rxf3+
66. Ke6 Re3 67. Ra8+ 1/2-1/2

[Event "FIDE Grand Swiss Tournament 2019"]
[Site "Douglas ENG"]
[Date "2019.10.14"]
[Round "5"]
[White "Riazantsev, Alexander"]
[Black "Matlakov, Maxim"]
[Result "1/2-1/2"]
[WhiteElo "2645"]
[BlackElo "2716"]
[PlyCount "61"]
[EventDate "2019.10.10"]

1. d4 Nf6 2. c4 e6 3. Nf3 d5 4. Nc3 c6 5. Bg5 h6 6. Bxf6 Qxf6 7. e3 Nd7 8. Be2
dxc4 9. Nd2 e5 10. Nxc4 exd4 11. exd4 Nb6 12. O-O Be7 13. d5 Nxd5 14. Nxd5 cxd5
15. Ne3 Be6 16. Nxd5 Bxd5 17. Qxd5 O-O 18. Qxb7 Rab8 19. Qxa7 Rxb2 20. Bf3 Bd6
21. Rad1 Qf4 22. g3 Qxf3 23. Rxd6 Ra8 24. Qd4 Rbxa2 25. Rd8+ Rxd8 26. Qxd8+ Kh7
27. Qd1 Qxd1 28. Rxd1 g6 29. h4 h5 30. Kg2 Kg7 31. Rd4 1/2-1/2

[Event "FIDE Grand Swiss Tournament 2019"]
[Site "Douglas ENG"]
[Date "2019.10.14"]
[Round "5"]
[White "So, Wesley"]
[Black "Bjerre, Jonas Buhl"]
[Result "1-0"]
[WhiteElo "2767"]
[BlackElo "2506"]
[PlyCount "59"]
[EventDate "2019.10.10"]

1. d4 Nf6 2. g3 e6 3. Bg2 c5 4. Nf3 cxd4 5. Nxd4 d5 6. O-O e5 7. Nf3 Nc6 8. c4
d4 9. e3 Be7 10. exd4 exd4 11. Bf4 O-O 12. Ne5 Nxe5 13. Bxe5 Bc5 14. Nd2 Re8
15. Bxf6 Qxf6 16. Nb3 Qd6 17. Qd3 Bg4 18. Rfe1 Rxe1+ 19. Rxe1 Bb4 20. Rc1 Qa6
21. Qe4 Be6 22. Nxd4 Rb8 23. c5 Bd2 24. Rd1 Bh6 25. Nxe6 fxe6 26. a3 Rf8 27.
Rd6 Qb5 28. Qxe6+ Kh8 29. Qe7 Rg8 30. Rd8 1-0

[Event "FIDE Grand Swiss Tournament 2019"]
[Site "Douglas ENG"]
[Date "2019.10.14"]
[Round "5"]
[White "Bachmann, Axel"]
[Black "Anand, Viswanathan"]
[Result "0-1"]
[WhiteElo "2629"]
[BlackElo "2765"]
[PlyCount "86"]
[EventDate "2019.10.10"]

1. c4 e5 2. Nc3 Bb4 3. Nd5 a5 4. Nf3 d6 5. g3 c6 6. Nxb4 axb4 7. d4 e4 8. Ng5
d5 9. Qb3 Nf6 10. Qxb4 h6 11. Nh3 Na6 12. Qc3 dxc4 13. Qxc4 Be6 14. Qc3 Nd5 15.
Qd2 g5 16. Bg2 Nab4 17. b3 e3 18. Qb2 Qd7 19. Ng1 Bf5 20. fxe3 Nc2+ 21. Kf2 Qe7
22. Nf3 Ndxe3 23. d5 O-O 24. Nd4 Bg6 25. Nxc2 Nxc2 26. Qc3 cxd5 27. Bb2 d4 28.
Qf3 Qe3+ 29. Qxe3 dxe3+ 30. Kf3 Nxa1 31. Rxa1 Rfc8 32. Bd4 Rc2 33. Bxe3 Rcxa2
34. Rc1 Re8 35. Kf2 Be4 36. Bxe4 Rxe4 37. Rc8+ Kg7 38. Rd8 Re7 39. Kf3 f6 40.
g4 Rb2 41. Rd3 Kg6 42. Bd2 Rb1 43. Bb4 Re6 0-1

[Event "FIDE Grand Swiss Tournament 2019"]
[Site "Douglas ENG"]
[Date "2019.10.14"]
[Round "5"]
[White "Le, Quang Liem"]
[Black "Tari, Aryan"]
[Result "1/2-1/2"]
[WhiteElo "2708"]
[BlackElo "2630"]
[PlyCount "95"]
[EventDate "2019.10.10"]

1. d4 Nf6 2. c4 g6 3. g3 c6 4. Bg2 d5 5. e3 Bg7 6. Ne2 O-O 7. O-O b6 8. b3 Ba6
9. Nd2 Nbd7 10. Bb2 Rc8 11. Re1 Re8 12. Rc1 e5 13. cxd5 cxd5 14. Rxc8 Qxc8 15.
dxe5 Nxe5 16. Nf4 Nd3 17. Nxd3 Bxd3 18. Bxf6 Bxf6 19. Bxd5 Qc3 20. e4 Kg7 21.
Nf3 Rd8 22. Re3 Bc2 23. Qe2 Qa1+ 24. Kg2 Bd1 25. Qa6 Bxf3+ 26. Rxf3 Rd7 27. Qc8
Re7 28. b4 Qe5 29. a4 Qc7 30. Qa6 Qd6 31. Qb5 Qd7 32. Bc6 Qd4 33. a5 Re5 34.
Qd3 Qxb4 35. a6 Qc5 36. Bd5 Re7 37. Qb3 Qd6 38. Qa4 Rc7 39. h4 h5 40. Qe8 Qd8
41. Qb5 Qd7 42. Qb3 Qd6 43. Qb5 Qd7 44. Qb4 Qe7 45. Qd2 Qe5 46. Qd3 Qb2 47. Bb3
Qe5 48. Bd5 1/2-1/2